| 000 | 00419nam a2200169Ia 4500 | ||
|---|---|---|---|
| 003 | LK-CoDNM | ||
| 005 | 20241209115456.0 | ||
| 008 | 010623t1979 xxu||||| |||| 00| 1 eng d | ||
| 040 |
_aLK-CoDNM _dLK-CoDNM _eLK-CoDNM |
||
| 041 | _aeng | ||
| 080 |
_a294.32 _bORC |
||
| 100 | _aGragnani,Carlo. | ||
| 245 | _aThree Symbolic Ways of Life | ||
| 260 |
_bWheel Publication _c1979 |
||
| 300 | _b22p. ; 18 cm | ||
| 942 | _cBK | ||
| 999 |
_c110907 _d110907 |
||